|
|
|
|
| LEADER |
01377nam a2200373Ia 4500 |
| 001 |
EBC467669 |
| 003 |
MiAaPQ |
| 005 |
20200520144314.0 |
| 006 |
m o d | |
| 007 |
cr cn||||||||| |
| 008 |
090224s2008 ne b s b 001 0 eng |
| 020 |
|
|
|z 9789004171657 (hardback : alk. paper)
|
| 035 |
|
|
|a (MiAaPQ)EBC467669
|
| 035 |
|
|
|a (Au-PeEL)EBL467669
|
| 035 |
|
|
|a (CaPaEBR)ebr10363972
|
| 035 |
|
|
|a (CaONFJC)MIL240047
|
| 035 |
|
|
|a (OCoLC)568279384
|
| 040 |
|
|
|a MiAaPQ
|c MiAaPQ
|d MiAaPQ
|
| 050 |
|
4 |
|a GA1081
|b .J68 2008
|
| 082 |
0 |
4 |
|a 911/.5
|2 22
|
| 245 |
0 |
4 |
|a The journey of maps and images on the Silk Road
|h [electronic resource] /
|c edited by Philippe Foret, Andreas Kaplony.
|
| 260 |
|
|
|a Leiden ;
|a Boston :
|b Brill,
|c 2008.
|
| 300 |
|
|
|a xxxi, 243 p. :
|b maps.
|
| 504 |
|
|
|a Includes bibliographical references and index.
|
| 533 |
|
|
|a Electronic reproduction. Ann Arbor, MI : ProQuest, 2015. Available via World Wide Web. Access may be limited to ProQuest affiliated libraries.
|
| 650 |
|
0 |
|a Cartography
|z Asia
|x History.
|
| 650 |
|
0 |
|a Trade routes
|z Asia
|x History.
|
| 651 |
|
0 |
|a Asia
|x Maps
|x History.
|
| 651 |
|
0 |
|a Silk Road.
|
| 655 |
|
4 |
|a Electronic books.
|
| 700 |
1 |
|
|a Foret, Philippe,
|d 1957-
|
| 700 |
1 |
|
|a Kaplony, Andreas.
|
| 710 |
2 |
|
|a ProQuest (Firm)
|
| 856 |
4 |
0 |
|u https://ebookcentral.proquest.com/lib/matrademy/detail.action?docID=467669
|z Click to View
|